00623nam a2200181Ia 4500952013000000999001700130003000400147005001700151008004100168040000900209082001800218100002900236245006000265260004500325300000900370650002000379942004200399 00102ddc40708ISLAMaMESbMEScISLd2019-02-20g60.00l0o297.22 MOU/Up31185r2019-02-20 00:00:00w2019-02-20yBKzGL46R1 c22665d22665OSt20200323141057.0190216s9999||||xx |||||||||||||| ||und|| coclc a297.22bMOU/U aMoudoodi, Abul Ala91860 0aUnderstanding Islamic Civilization /cAbul Ala Moudoodi bMarkazi Maktaba Islami, aDelhi:c2004. a219p aIslamic History cBK2ddch297.22iMOU/Uk297.22mMOU/U